| 000 | 00627nam a2200229Ia 4500 | ||
|---|---|---|---|
| 003 | OSt | ||
| 005 | 20221006164154.0 | ||
| 006 | a|||||r|||| 00| 0 | ||
| 007 | ta | ||
| 008 | 221006b |||||||| |||| 00| 0 hin d | ||
| 024 | _a4,987 | ||
| 037 | _cTextual | ||
| 040 |
_aFML _cFML _bhin |
||
| 041 |
_2hin _ahin |
||
| 082 | _aP152, 1v, J5 | ||
| 100 |
_aTiwari Uday Narayan Au. _9676752 |
||
| 245 | 0 | _aHindi Bhasha Ka Udgham Evam Vikas | |
| 260 |
_aAllahabad _bBharati Bhandar India _c1955 |
||
| 300 |
_a677 _ccm. |
||
| 942 |
_hP152, 1v, J5 _cTEXL _2CC |
||
| 999 |
_c1116405 _d1116405 |
||